Together for mission : (Record no. 131077)
[ view plain ]
| 000 -LEADER | |
|---|---|
| fixed length control field | 01196cam a22003134a 4500 |
| 001 - CONTROL NUMBER | |
| control field | 12275894 |
| 003 - CONTROL NUMBER IDENTIFIER | |
| control field | ARRUPE |
| 005 - DATE AND TIME OF LATEST TRANSACTION | |
| control field | 20211102111604.0 |
| 008 - FIXED-LENGTH DATA ELEMENTS--GENERAL INFORMATION | |
| fixed length control field | 010110s2001 mou b 000 0 eng |
| 010 ## - LIBRARY OF CONGRESS CONTROL NUMBER | |
| LC control number | 2001086292 |
| 020 ## - INTERNATIONAL STANDARD BOOK NUMBER | |
| International Standard Book Number | 1880810417 |
| 040 ## - CATALOGING SOURCE | |
| Original cataloging agency | DLC |
| Transcribing agency | D |
| Modifying agency | DLCLC |
| 042 ## - AUTHENTICATION CODE | |
| Authentication code | pcc |
| 050 00 - LIBRARY OF CONGRESS CALL NUMBER | |
| Classification number | BX3704.Z5 |
| Item number | J35 2001 |
| 082 00 - DEWEY DECIMAL CLASSIFICATION NUMBER | |
| Classification number | 255/.5302 |
| Edition number | 21 |
| 300 ## - PHYSICAL DESCRIPTION | |
| Dimensions | 21 cm. |
| 100 1# - MAIN ENTRY--PERSONAL NAME | |
| Personal name | Jaer, André de. |
| 9 (RLIN) | 50909 |
| 245 10 - TITLE STATEMENT | |
| Title | Together for mission : |
| Remainder of title | a spiritual commentary on the constitutions of the Society of Jesus / |
| Statement of responsibility, etc | André de Jaer ; translated by Francis C. Brennan. |
| 260 ## - PUBLICATION, DISTRIBUTION, ETC. (IMPRINT) | |
| Place of publication, distribution, etc | Saint Louis, MO : |
| Name of publisher, distributor, etc | Institute of Jesuit Sources, |
| Date of publication, distribution, etc | c2001. |
| 300 ## - PHYSICAL DESCRIPTION | |
| Extent | ix, 197 p. ; |
| 440 #0 - SERIES STATEMENT/ADDED ENTRY--TITLE | |
| Title | Series II--Modern scholarly studies about the Jesuits, in English translations ; |
| Volume number/sequential designation | no. 18 |
| 9 (RLIN) | 50910 |
| 504 ## - BIBLIOGRAPHY, ETC. NOTE | |
| Bibliography, etc | Includes bibliographical references (p. 195-197). |
| 610 20 - SUBJECT ADDED ENTRY--CORPORATE NAME | |
| Corporate name or jurisdiction name as entry element | Jesuits. |
| Title of a work | Constitutiones. |
| 9 (RLIN) | 50911 |
| 610 20 - SUBJECT ADDED ENTRY--CORPORATE NAME | |
| Corporate name or jurisdiction name as entry element | Jesuits |
| Form subdivision | Rules. |
| 9 (RLIN) | 50912 |
| 610 20 - SUBJECT ADDED ENTRY--CORPORATE NAME | |
| Corporate name or jurisdiction name as entry element | Jesuits |
| General subdivision | Spiritual life. |
| 9 (RLIN) | 50913 |
| 700 1# - ADDED ENTRY--PERSONAL NAME | |
| Personal name | Brennan, Francis C. |
| 9 (RLIN) | 50914 |
| 906 ## - LOCAL DATA ELEMENT F, LDF (RLIN) | |
| a | 7 |
| b | cbc |
| c | orignew |
| d | 2 |
| e | epcn |
| f | 20 |
| g | y-gencatlg |
| 942 ## - ADDED ENTRY ELEMENTS (KOHA) | |
| Source of classification or shelving scheme | Library of Congress Classification |
| Koha item type | Monograph ( Printed materials) |
| Withdrawn status | Lost status | Source of classification or shelving scheme | Damaged status | Not for loan | Collection code | Home library | Current library | Shelving location | Date acquired | Total Checkouts | Full call number | Barcode | Date last seen | Price effective from | Koha item type |
|---|---|---|---|---|---|---|---|---|---|---|---|---|---|---|---|
| Library of Congress Classification | Main Collection | ARRUPE LIBRARY | ARRUPE LIBRARY | Main Collection | 02/11/2021 | BX3704.Z5 J35 2001 | 46600007050 | 02/11/2021 | 02/11/2021 | Monograph ( Printed materials) |